| 000 | 01078nam a22003137a 4500 | ||
|---|---|---|---|
| 003 | CHAP | ||
| 005 | 20220329135753.0 | ||
| 008 | 971013s1975 r 00010 d | ||
| 010 | _a41813 | ||
| 011 | _a42785 | ||
| 035 | _a46914 | ||
| 040 | _cCHAP | ||
| 090 | _aTesis | ||
| 100 | 0 | 0 |
_aEscalante Lundquist, Fernando Javier. _937397 |
| 245 | _aEstudio económico de tres raciones balaceadas y efecto de manejo en la alimentación del bagre (Ictalurus punctatus R.) | ||
| 260 |
_aMonterrey, N. L. : _bEl autor, _c1975 |
||
| 300 |
_a53 h. _b; gráfs. |
||
| 502 | _aTesis (Ing. Agr. Administrador) -- ITESM. División de Ciencias Agropecuarias y Marítimas | ||
| 590 |
_aALEPH _b10 _c20130110 _lUCH01 _h1311 |
||
| 590 |
_aBATCH-UPD _b10 _c20130110 _lUCH01 _h1147 |
||
| 590 |
_aBATCH-UPD _b10 _c20130410 _lUCH01 _h0732 |
||
| 590 |
_aBATCH-UPD _b10 _c20130914 _lUCH01 _h0521 |
||
| 590 |
_aCONVERSION _b10 _c20130109 _lUCH01 _h1323 |
||
| 650 | 1 | 4 |
_aBagre. _99407 |
| 650 | 1 | 4 |
_aPeces _xAlimentación. _986442 |
| 901 | _aBK | ||
| 942 | _cTESIS | ||
| 949 |
_bBC _cTES _d-106847 _eTS1 _i46914 _si |
||
| 999 |
_c41813 _d41813 |
||